Hepworth Building Projects v Coal Authority (Record no. 60294)
[ view plain ]
| 000 -LEADER | |
|---|---|
| fixed length control field | 01339cam a2200241 4500 |
| 001 - CONTROL NUMBER | |
| control field | ABS61455 |
| 008 - FIXED-LENGTH DATA ELEMENTS--GENERAL INFORMATION | |
| fixed length control field | 000000n1999 000 0 eng u |
| 035 ## - SYSTEM CONTROL NUMBER | |
| System control number | (Sirsi) u101052 |
| 245 ## - TITLE STATEMENT | |
| Title | Hepworth Building Projects v Coal Authority |
| 260 ## - PUBLICATION, DISTRIBUTION, ETC. | |
| Date of publication, distribution, etc. | 1999 |
| 490 ## - SERIES STATEMENT | |
| Series statement | Estates Gazette Law Reports |
| Volume/sequential designation | [1999] 41 EG 157-159(3) |
| 520 ## - SUMMARY, ETC. | |
| Summary, etc. | CA 2 July 1999. Lands Tribunal. H owned a property damaged by mining subsidence. In November 1979 it claimed compensation under the Coal Industry Act 1975. In July 1982 H rejected a open offer to settle for £35,000. By November 1989, C withdrew an earlier sealed offer and offered £100,000 as compensation. The case was concerned with the withdrawal of sealed offers. Whether tribunal entitled to have regard to withdrawn sealed offers. Remitted second hearing. Whether tribunal allowed to have regard to offers made prior to first hearing in relation to costs of second hearing. Held, the appeal was allowed in part. The November 1989 offer letter was relevant, but not decisive on the questions of costs. |
| 590 ## - LOCAL NOTE (RLIN) | |
| Local note | ABS |
| 650 ## - SUBJECT ADDED ENTRY--TOPICAL TERM | |
| Topical term or geographic name entry element | COSTS |
| 650 ## - SUBJECT ADDED ENTRY--TOPICAL TERM | |
| Topical term or geographic name entry element | SEALED OFFERS |
| 650 ## - SUBJECT ADDED ENTRY--TOPICAL TERM | |
| Topical term or geographic name entry element | HEPWORTH BUILDING PROJECTS V COAL AUTHORITY |
| 650 ## - SUBJECT ADDED ENTRY--TOPICAL TERM | |
| Topical term or geographic name entry element | MINING |
| 650 ## - SUBJECT ADDED ENTRY--TOPICAL TERM | |
| Topical term or geographic name entry element | SUBSIDENCE |
| 650 ## - SUBJECT ADDED ENTRY--TOPICAL TERM | |
| Topical term or geographic name entry element | DAMAGE |
| 650 ## - SUBJECT ADDED ENTRY--TOPICAL TERM | |
| Topical term or geographic name entry element | COMPENSATION |
| 690 ## - LOCAL SUBJECT ADDED ENTRY--TOPICAL TERM (OCLC, RLIN) | |
| Topical term or geographic name as entry element | PROPERTY LAW AND PRACTICE-CASE LAW |
| 942 ## - ADDED ENTRY ELEMENTS (KOHA) | |
| Suppress in OPAC | 0 |
| Withdrawn status | Lost status | Source of classification or shelving scheme | Damaged status | Not for loan | Home library | Current library | Shelving location | Date acquired | Total Checkouts | Full call number | Barcode | Date last seen | Copy number | Price effective from | Koha item type |
|---|---|---|---|---|---|---|---|---|---|---|---|---|---|---|---|
| Dewey Decimal Classification | London | London | Journal article | 28/10/1999 | ABS61455 | 101052-1001 | 06/08/2019 | 1 | 06/08/2019 | Law report |